Offenders in Juvenile Court, 1994

Guardado en:  
Detalles Bibliográficos
Autor principal: Butts, Jeffrey A. (Autor)
Tipo de documento: Electrónico Artículo
Lenguaje:Inglés
Publicado: United States Department of Justice, Office of Justice Programs, Office of Juvenile Justice and Delinquency Prevention 1996
En:Enthalten in: OJJDP Juvenile Justice Bulletin
Acceso en línea: Volltext (lizenzpflichtig)
Volltext (lizenzpflichtig)
Volltext (lizenzpflichtig)
Verificar disponibilidad: HBZ Gateway

MARC

LEADER 00000caa a22000002c 4500
001 1912639785
003 DE-627
005 20250126055031.0
007 cr uuu---uuuuu
008 241217s1996 xx |||||o 00| ||eng c
035 |a (DE-627)1912639785 
035 |a (DE-599)KXP1912639785 
040 |a DE-627  |b ger  |c DE-627  |e rda 
041 |a eng 
084 |a 2,1  |2 ssgn 
100 1 |a Butts, Jeffrey A.  |e VerfasserIn  |0 (DE-588)1055014683  |0 (DE-627)792502701  |0 (DE-576)166843407  |4 aut 
109 |a Butts, Jeffrey A. 
245 1 0 |a Offenders in Juvenile Court, 1994 
264 1 |b United States Department of Justice, Office of Justice Programs, Office of Juvenile Justice and Delinquency Prevention  |c 1996 
336 |a Text  |b txt  |2 rdacontent 
337 |a Computermedien  |b c  |2 rdamedia 
338 |a Online-Ressource  |b cr  |2 rdacarrier 
773 0 8 |i Enthalten in  |t OJJDP Juvenile Justice Bulletin 
787 0 8 |i Forschungsdaten  |a National Center for Juvenile Justice  |t Nebraska Juvenile Court Records, 1994  |d [Erscheinungsort nicht ermittelbar] : [Verlag nicht ermittelbar], 1997  |w (DE-627)1902798147 
787 0 8 |i Forschungsdaten  |a National Center for Juvenile Justice and Arkansas Administrative Office of the Courts  |t Arkansas Juvenile Court Records, 1991-1993  |d [Erscheinungsort nicht ermittelbar] : [Verlag nicht ermittelbar], 1998  |w (DE-627)1840060956 
787 0 8 |i Forschungsdaten  |a National Center for Juvenile Justice  |t Nebraska Juvenile Court Records, 1988-1993  |d [Erscheinungsort nicht ermittelbar] : [Verlag nicht ermittelbar], 1998  |w (DE-627)1902798066 
856 4 0 |u https://www.ncjrs.gov/App/Publications/abstract.aspx?ID=162423  |x Verlag  |z lizenzpflichtig  |3 Volltext  |7 1 
856 4 0 |u https://www.ncjrs.gov/pdffiles/offender.pdf  |q application/pdf  |x Verlag  |z lizenzpflichtig  |3 Volltext  |7 1 
856 4 0 |u https://www.ncjrs.gov/txtfiles/offender.txt  |x Verlag  |z lizenzpflichtig  |3 Volltext  |7 1 
935 |a mkri 
951 |a AR 
ELC |a 1 
LOK |0 000 xxxxxcx a22 zn 4500 
LOK |0 001 4637605326 
LOK |0 003 DE-627 
LOK |0 004 1912639785 
LOK |0 005 20241217044751 
LOK |0 008 241217||||||||||||||||ger||||||| 
LOK |0 035   |a (DE-2619)ICPSR108288 
LOK |0 040   |a DE-2619  |c DE-627  |d DE-2619 
LOK |0 092   |o n 
LOK |0 852   |a DE-2619 
LOK |0 852 1  |9 00 
LOK |0 935   |a uvkn  |a nacp 
LOK |0 939   |a 17-12-24  |b l01 
ORI |a SA-MARC-krimdoka001.raw